<?xml version="1.0" encoding="UTF-8"?>
<record
    xmlns:xsi="http://www.w3.org/2001/XMLSchema-instance"
    xsi:schemaLocation="http://www.loc.gov/MARC21/slim http://www.loc.gov/standards/marcxml/schema/MARC21slim.xsd"
    xmlns="http://www.loc.gov/MARC21/slim">

  <leader>01536nam a22002297a 4500</leader>
  <controlfield tag="003">DO-SdBJH</controlfield>
  <controlfield tag="005">20230517130354.0</controlfield>
  <controlfield tag="008">230517b        |||||||| |||| 00| 0 spa d</controlfield>
  <datafield tag="040" ind1=" " ind2=" ">
    <subfield code="a">DO-SdBJH</subfield>
    <subfield code="b">spa</subfield>
    <subfield code="c">DO-SdBJH</subfield>
  </datafield>
  <datafield tag="090" ind1=" " ind2=" ">
    <subfield code="a">TG EGCEMN</subfield>
    <subfield code="b">01931 2021</subfield>
  </datafield>
  <datafield tag="100" ind1="1" ind2=" ">
    <subfield code="a">Noel Arauz, Ruddier</subfield>
    <subfield code="e">sustentante</subfield>
  </datafield>
  <datafield tag="245" ind1="1" ind2="0">
    <subfield code="a">Propuesta para la implementaci&#xF3;n de un sistema nacional de b&#xFA;squeda y salvamento mar&#xED;timos, conforme al Convenio SAR 79, para el a&#xF1;o 2022 / </subfield>
    <subfield code="c"> Ruddier Noel Arauz, Radham&#xE9;s Vega Dom&#xED;nguez, Jorge Montes de Oca N&#xFA;&#xF1;ez</subfield>
  </datafield>
  <datafield tag="260" ind1=" " ind2=" ">
    <subfield code="a">Santo Domingo Este :</subfield>
    <subfield code="b">INSUDE, </subfield>
    <subfield code="c">2021</subfield>
  </datafield>
  <datafield tag="300" ind1=" " ind2=" ">
    <subfield code="a">xii, 69 p&#xE1;ginas, fotos, gr&#xE1;ficos, mapa</subfield>
  </datafield>
  <datafield tag="502" ind1=" " ind2=" ">
    <subfield code="a">Tesis (Especialidad en Comando y Estado Mayor Naval). -- Instituto Superior para la Defensa (INSUDE).   Escuela de Graduados de Estudios Superiores Navales, 2021</subfield>
  </datafield>
  <datafield tag="504" ind1=" " ind2=" ">
    <subfield code="a">Incluye referencias bibliogr&#xE1;ficas e &#xED;ndices</subfield>
  </datafield>
  <datafield tag="505" ind1=" " ind2=" ">
    <subfield code="a">Antecedentes hist&#xF3;ricos de b&#xFA;squeda, salvamento y rescate. -- Base legal establecida para las operaciones de b&#xFA;squeda, salvamento y rescate en la Rep&#xFA;blica Dominicana. -- Capacidad operacional de las unidades navales y a&#xE9;reas para la b&#xFA;squeda, salvamento y rescate de la Armada de Rep&#xFA;blica Dominicana. -- Propuesta de Sistema Nacional de b&#xFA;squeda y salvamento, conforme al convenio SAR 79</subfield>
  </datafield>
  <datafield tag="700" ind1="1" ind2=" ">
    <subfield code="a">Vega Dom&#xED;nguez, Radham&#xE9;s </subfield>
    <subfield code="e">asesor</subfield>
  </datafield>
  <datafield tag="700" ind1="1" ind2=" ">
    <subfield code="a">Montes de Oca N&#xFA;&#xF1;ez, Jorge </subfield>
    <subfield code="e">asesor</subfield>
  </datafield>
  <datafield tag="830" ind1=" " ind2=" ">
    <subfield code="a">INSUDE.  &#x201C;Escuela de Graduados de Estudios Superiores Navales&#x201D;.  Tesis y disertaciones acad&#xE9;micas</subfield>
  </datafield>
  <datafield tag="942" ind1=" " ind2=" ">
    <subfield code="2">CL</subfield>
    <subfield code="c">T</subfield>
  </datafield>
  <datafield tag="999" ind1=" " ind2=" ">
    <subfield code="c">7432</subfield>
    <subfield code="d">7432</subfield>
  </datafield>
  <datafield tag="952" ind1=" " ind2=" ">
    <subfield code="0">0</subfield>
    <subfield code="1">0</subfield>
    <subfield code="2">CL</subfield>
    <subfield code="4">0</subfield>
    <subfield code="7">1</subfield>
    <subfield code="8">TG</subfield>
    <subfield code="a">BJHA</subfield>
    <subfield code="b">BJHA</subfield>
    <subfield code="d">2023-05-17</subfield>
    <subfield code="i">21-01931</subfield>
    <subfield code="l">0</subfield>
    <subfield code="o">TG EGCEMN 01931 2021</subfield>
    <subfield code="p">21-01931</subfield>
    <subfield code="r">2023-05-17 00:00:00</subfield>
    <subfield code="t">e.1</subfield>
    <subfield code="w">2023-05-17</subfield>
    <subfield code="y">T</subfield>
  </datafield>
</record>
